Регионална библиотека "Любен Каравелов" - Русе

Джоан Роулинг (Запис номер 190209)

MARC детайли
000 -Лидер
Контролно поле с фиксирана дължина 02121nam a2200469 c 4500
003 - Код на организацията, давaща контролен номер
Контролно поле BLK
005 - Дата и час на последна редакция
Контролно поле 20250314120937.0
008 - Елементи от данни с фиксирана дължина
fixed length control field 180411b bul|||||r ||||||| ||bul||
010 ## - Наследен системен номер
LC control number KNG00199318000
020 ## - Международен стандартен номер на книга ISBN
Международен стандартен номер на книга ISBN 978-619-153-125-7
040 ## - Източник на каталожния запис
Идентификатор на билиотеката - собственик на записа BLK
041 ## - Код за език
Код за езика на текст/звукозапис или на отделно заглавие Български
Код за езика КДБФ Български
072 #7 - Код за тематичната категория
Код организация bullib
Код за тематична категория Н83
Текст Чужда художествена литература Н
080 ## - УДК
Текстов определител УДК Руска литература
УДК код - определител по УДК 821.161.1
УДК определител -94
УДК - код + определител 821.161.1-94
080 ## - УДК
Текстов определител УДК Английска литература
УДК код - определител по УДК 821.111
УДК определител (410)(092)(0:82-9)
УДК - код + определител 821.111(410)(092)(0:82-9)
080 ## - УДК
Текстов определител УДК Английска писателка
УДК код - определител по УДК 929 Роулинг, Джоан Катлин
УДК - код + определител 929 Роулинг, Джоан Катлин
100 1# - Редна дума - Автор
Автор Бенуа, София
Авторска отговорност първи автор
R(LIN) 341742
139 ## - Редно поле
Редна дума Бенуа, София
Авторски знак Бен - Б 37
245 10 - Сведения за заглавието
Заглавие Джоан Роулинг
Подзаглавни данни Чисто английска магия : Всичко за Хари Потър, живота и любовта
Редно поле (дума) София Бенуа; прев. от рус. Лидия Михайлова Шведова.
257 ## - Страна на издаване
Страна на създаване/издаване Русия
260 ## - Област на издателските данни
Име на издателя, разпространителя и проч. Паритет
Година на издаване 2017
300 ## - Физическа характеристика
Страници 224 с.
Илюстрации и др. със сн.
Размери/Мащаб 21 см
380 ## - Жанр
Жанр Худож. лит.
500 ## - Общи забележки
Забележка Ориг. загл. Джоан Роулинг. Всё о Гарри Поттере, жизни и любви / Софья Бенуа.
600 #0 - Име на лице, използвано като предмет
За него / За нея Роулинг, Джоан Катлийн
Свързани дати 1965-
9 (RLIN) 271457
650 #4 - Допълнително описание по предмет – тема
Основно описание – тема или топоним Роулинг, Джоан Катлин
9 (RLIN) 345103
650 #4 - Допълнително описание по предмет – тема
Основно описание – тема или топоним Писатели, английски - биографии
9 (RLIN) 287779
651 #4 - Допълнително описание по предмет - топоним
Географско понятие Великобритания
9 (RLIN) 178698
653 ## - Ключова дума – ненормативна
Ключова дума Джоан Роулинг
653 ## - Ключова дума – ненормативна
Ключова дума английски писатели
653 ## - Ключова дума – ненормативна
Ключова дума биографии
659 ## - Тематичен бюлетин
Тематичен бюлетин Н
700 1# - Други автори (авторска отговорност)
Лично име Шведова, Лидия Михайлова
Автороска отговорност (Описва отношението между автора и произведението) прев. от рус.
9 (RLIN) 364992
852 ## - Местоположение
Форматна сигнатура Цб 284087
856 4# - Електронен адрес и достъп
Електронен формат pdf - файл
856 4# - Електронен адрес и достъп
Електронен формат pdf - файл
999 ## - СИСТЕМНИ КОНТРОЛНИ НОМЕРА
Koha biblionumber 190209
Koha biblioitemnumber 190209
942 ## - АРТИКУЛИ
Вид на библиотечния материал Книги
Скрит в OPAC Не
Koha issues (borrowed), all copies 12
944 ## - СЪЗДАВАНЕ И РЕДАКЦИЯ на ЗАПИСА
Създаване/Редакция Създаване
Дата на регистрацията/редакция 19.01.2017
Статус, дата на статуса Геновева Генчева
Служител, извършил регистрацията/редакцията 30560
944 ## - СЪЗДАВАНЕ И РЕДАКЦИЯ на ЗАПИСА
Създаване/Редакция Редакция
Дата на регистрацията/редакция 18.04.2017
Статус, дата на статуса ф /
Служител, извършил регистрацията/редакцията Виолета_Тройчева
999 ## - СИСТЕМНИ КОНТРОЛНИ НОМЕРА
Koha biblioitemnumber 190209
999 ## - СИСТЕМНИ КОНТРОЛНИ НОМЕРА
Koha biblioitemnumber 190209
Наличности
Код за отписване Код за изгубен артикул Код за повреда Коз за рестрикции Код за отдаване Артикулен № Име на библиотеката - собственик Име на библиотеката, в която се намира в момента Статус (Текущо местоположение) Дата на вписване в системата Местоположение - отдел Цена в лева Инвентарен номер Систематично азбучна сигнатура Баркод Номер на екземпляра Цена в евро Служебна бележка Служебен тип на артикула Източник на класификационната схема
  Не е изгубен Не е повреден без рестрикции заемане за дома 334632 Регионална библиотека "Любен Каравелов" Русе Регионална библиотека "Любен Каравелов" Русе Заемна - подръчен фонд 2017-01-23 Заемна - подръчен фонд 10.91 120000807929 П 882-9/Б 37 120000807929 1 5.58 Дост: Pk Вид: Ф N: 784 Дата: 13.01.2017 Дата инв: 07.03.2018 Бележки инв: П2018 Книги  
  Не е изгубен Не е повреден без рестрикции заемане за дома 677324 Регионална библиотека "Любен Каравелов" Русе Регионална библиотека "Любен Каравелов" Русе Заемна - подръчен фонд 2018-06-15 Заемна - подръчен фонд 13.99 120000821107 П 882-9/Б 37 120000821107   7.15   Книги Universal Decimal Classification
  Не е изгубен Не е повреден без рестрикции ползва се в читалня 682346 Регионална библиотека "Любен Каравелов" Русе Регионална библиотека "Любен Каравелов" Русе Хранилище 2018-11-21 Хранилище 13.99   Цб 291730 120000825693   7.15   Книги Universal Decimal Classification
Vip Innovations Ltd, Rousse, Bulgaria 2025